| 000 | 01809cam a22003734a 4500 | ||
|---|---|---|---|
| 001 | 14078526 | ||
| 005 | 20221011095934.0 | ||
| 008 | 050818s2006 nyuab b 001 0 eng | ||
| 010 | _a 2005053487 | ||
| 020 | _a037542363X | ||
| 020 | _a9780375423635 | ||
| 035 | _a(OCoLC)ocm61361655 | ||
| 040 |
_aDLC _cDLC _dBAKER _dC#P _dYBM _dDLC |
||
| 042 | _apcc | ||
| 043 | _aa-cc--- | ||
| 050 | 0 | 0 |
_aHD2365 _b.R67 2006 |
| 082 | 0 | 0 |
_a331.792095113 _bROS |
| 100 | 1 |
_aRoss, Andrew, _d1956- _999760 |
|
| 245 | 1 | 0 |
_aFast boat to China : _bcorporate flight and the consequences of free trade : lessons from Shanghai / _cAndrew Ross. |
| 250 | _a1st ed. | ||
| 260 |
_aNew York : _bPantheon Books, _cc2006. |
||
| 300 |
_axi, 306 p. : _bill., map ; _c24 cm. |
||
| 504 | _aIncludes bibliographical references and index. | ||
| 505 | 0 | _aThe Shanghai squeeze -- Raising the bar -- The sent-up generation -- Mister Tata comes to town -- The Suzhou price -- Go west -- Cross-strait flights. | |
| 650 | 0 |
_aContracting out _zChina _zShanghai Region. _999761 |
|
| 650 | 0 |
_aForeign trade and employment _zChina _zShanghai Region. _999762 |
|
| 650 | 0 |
_aWages _xEffect of international trade on _zChina _zShanghai Region. _999763 |
|
| 856 | 4 | 2 |
_3Contributor biographical information _uhttp://www.loc.gov/catdir/enhancements/fy0646/2005053487-b.html |
| 856 | 4 | 2 |
_3Publisher description _uhttp://www.loc.gov/catdir/enhancements/fy0646/2005053487-d.html |
| 856 | 4 | 1 |
_3Sample text _uhttp://www.loc.gov/catdir/enhancements/fy0646/2005053487-s.html |
| 906 |
_a7 _bcbc _corignew _d1 _eocip _f20 _gy-gencatlg |
||
| 942 |
_2ddc _cBK |
||
| 999 |
_c591648 _d591648 |
||